| 000 | 01180nam0a22002771 4500 | ||
|---|---|---|---|
| 001 | rc\4449315 | ||
| 005 | 20130416161527.3 | ||
| 035 | _a(NLR Aleph) 008319238 | ||
| 090 |
_a8746640 _c8746640 |
||
| 100 | _a20130416d1960 |||y0rusy50 ca | ||
| 101 | 0 | _arus | |
| 102 | _aRU | ||
| 105 | _ay z ||||| | ||
| 200 | 1 |
_aИнструкция по проведению документальных ревизий хозяйственно-финансовой деятельности предприятий и организаций _e[Утв. 25/VII - 1960 г.] _fЦБТИ Иркутск. совнархоза. Центр. бухгалтерия |
|
| 210 |
_aИркутск _cБ. и. _d1960 |
||
| 215 |
_a89 с. _d20 |
||
| 300 | _aНа обороте тит. л. сост.: А.Г. Бондаренко и И.М. Тарасов | ||
| 333 | _aДля служебного пользования | ||
| 702 | 1 |
_aБондаренко _bА. Г. _4220 |
|
| 702 | 1 |
_aТарасов _bИ. М. _4220 |
|
| 710 | 1 | 2 | _aИркутский совет народного хозяйства |
| 801 | 0 |
_aRU _bNLR _gpsbo |
|
| 801 | 1 |
_aRU _bELAR _2rusmarc |
|
| 852 |
_aNLR _j61-4/4560 |
||
| 942 | _cBOOK | ||
| 980 | _aNB | ||